000 00814nam a22002177a 4500
999 _c5207
_d5207
003 AR-CdUCM
008 190312b ||||| |||| 00| 0 spa d
040 _aMUNICIPALIDAD PROVINCIAL DEL CUSCO
_cBIBLIOTECA MUNICIPAL DEL CUSCO
082 _a869.624 /
_bV76
100 _aViteri, Atanasio
_913206
245 _aPoesía /
260 _aQuito :
_bEditorial Universitaria,
_c1962.
300 _a72 paginas ;
_c23 cm.
500 _aDonación de la familia Nieto.
505 _aContenido :Esponsales del monte y la laguna -- El indio es un ser gigantesco -- Umbrío prisionero de la niebla -- El caballero de diamante -- Señora madre mía ...
650 _aPoesías ecuatorianas
_9346
650 _aPoesías del siglo xx
_915637
650 _aLiteratura ecuatoriana
_911889
942 _2ddc
_cLIBROS
945 _arum